Ngenziwa ngumumo welizwe / (Record no. 4871)
[ view plain ]
| 000 -LEADER | |
|---|---|
| fixed length control field | 00704cam a22002417a 4500 |
| 001 - CONTROL NUMBER | |
| control field | 1963235 |
| 003 - CONTROL NUMBER IDENTIFIER | |
| control field | GZU |
| 005 - DATE AND TIME OF LATEST TRANSACTION | |
| control field | 20210325082512.0 |
| 008 - FIXED-LENGTH DATA ELEMENTS--GENERAL INFORMATION | |
| fixed length control field | 900316s1986 rh 000 0 nde |
| 010 ## - LIBRARY OF CONGRESS CONTROL NUMBER | |
| LC control number | 87980659 |
| 020 ## - INTERNATIONAL STANDARD BOOK NUMBER | |
| International Standard Book Number | 086922364X |
| 040 ## - CATALOGING SOURCE | |
| Original cataloging agency | DLC |
| Transcribing agency | DLC |
| Modifying agency | DLC |
| 050 00 - LIBRARY OF CONGRESS CALL NUMBER | |
| Classification number | PL8842 SIG 1986 |
| 100 1# - MAIN ENTRY--PERSONAL NAME | |
| Personal name | Sigogo, Ndabezinhle S., |
| Dates associated with a name | 1932- |
| 245 10 - TITLE STATEMENT | |
| Title | Ngenziwa ngumumo welizwe / |
| Statement of responsibility, etc. | N.S. Sigogo. |
| 260 ## - PUBLICATION, DISTRIBUTION, ETC. | |
| Place of publication, distribution, etc. | Gweru, Zimbabwe : |
| Name of publisher, distributor, etc. | Mambo Press, |
| Date of publication, distribution, etc. | 1986. |
| 300 ## - PHYSICAL DESCRIPTION | |
| Extent | 238 p. ; |
| Dimensions | 18 cm. |
| 490 0# - SERIES STATEMENT | |
| Series statement | Mambo writers series. Ndebele section ; |
| Volume/sequential designation | vol. 4 |
| 500 ## - GENERAL NOTE | |
| General note | Ndebele folklore |
| 906 ## - LOCAL DATA ELEMENT F, LDF (RLIN) | |
| a | 7 |
| b | cbc |
| c | orignew |
| d | u |
| e | ncip |
| f | 19 |
| g | y-gencatlg |
| 942 ## - ADDED ENTRY ELEMENTS (KOHA) | |
| Source of classification or shelving scheme | Library of Congress Classification |
| Koha item type | Books |
| Classification part | 8842 |
| Item part | SIG |
| Call number prefix | PL |
| Withdrawn status | Lost status | Damaged status | Not for loan | Collection code | Home library | Current library | Date acquired | Total Checkouts | Full call number | Barcode | Date last seen | Copy number | Price effective from | Koha item type | Shelving location | Inventory number |
|---|---|---|---|---|---|---|---|---|---|---|---|---|---|---|---|---|
| Non-fiction | City Campus Library | City Campus Library | 03/25/2021 | PL8842 SIG 1986 | G21502 | 03/25/2021 | c-1 | 03/25/2021 | Books | |||||||
| Fiction | City Campus Library | City Campus Library | 04/13/2021 | PL8842 SIG 1986 | 014916 | 04/13/2021 | c.2 | 04/13/2021 | Books | |||||||
| Non-fiction | Mashava Campus Library | Mashava Campus Library | 05/21/2021 | PL8842 SIG 1986 | G22091 | 05/21/2021 | c.3 | 05/21/2021 | Books | Reference | ||||||
| Fiction | Mashava Campus Library | Mashava Campus Library | 05/21/2021 | PL8842 SIG 1986 | 02/960 | 05/21/2021 | c.4 | 05/21/2021 | Books | General Stacks | 02/960 |